00672nam a2200181Ia 4500008004100000020001800041050001900059082002300078100002100101245002500122250001800147260002200165300002200187650007200209952009600281952009600377999001700473121101s9999 xx 000 0 und d a968-18-0474-0 aTA710 L24 1976 a624.151 L221m 1984 aLambe T. William aMecánica de suelos a1ra edición aMéxico : Limusa a582 pág / 28 cm a1. El suelo seco 2. Suelos con flujo de agua en regimen variableÌ 00104070a12b12d2008-11-28l0oTA710 L24 1976p12 003803r2015-04-22t1w2012-11-01yLB 00104070a12b12d2008-11-28l0oTA710 L24 1976p12 003807r2015-04-22t2w2012-11-01yLB c88492d88492